LEADER 03802nam 22006494a 450 001 9910450229403321 005 20200520144314.0 010 $a92-808-7086-6 010 $a1-4237-6603-2 035 $a(CKB)1000000000246799 035 $a(EBL)829910 035 $a(OCoLC)826486321 035 $a(SSID)ssj0000197368 035 $a(PQKBManifestationID)11180977 035 $a(PQKBTitleCode)TC0000197368 035 $a(PQKBWorkID)10160300 035 $a(PQKB)11709480 035 $a(MiAaPQ)EBC829910 035 $a(Au-PeEL)EBL829910 035 $a(CaPaEBR)ebr10120729 035 $a(EXLCZ)991000000000246799 100 $a20040910d2005 uf 0 101 0 $aeng 135 $aur|n|---||||| 181 $ctxt 182 $cc 183 $acr 200 00$aMankind and the oceans$b[electronic resource] /$fedited by Nobuyuki Miyazaki, Zafar Adeel, and Kouichi Ohwada 210 $aTokyo ;$aNew York $cUnited Nations University Press$dc2005 215 $a1 online resource (242 p.) 300 $aDescription based upon print version of record. 311 $a92-808-1057-X 320 $aIncludes bibliographical references and index. 327 $aCONTENTS; List of tables and figures; Preface; 1 Overview of the global marine and coastal challenges; Part I: Human activities related to marine life and management; 2 Mankind belongs to the sea; 3 Environmental management of enclosed coastal seas; 4 International marine science activities in Japan; 5 The UNU's international marine environment researchnetworks: An approach towards sustainable seas in thetwenty-first century; Part II: Case studies of marine pollution in the world; 6 Environmental problems in the coastal waters of China 327 $a7 Marine pollution monitoring of butyltins and organochlorinesin the coastal waters of Thailand, the Philippines, and India8 Organochlorine contamination in Baikal seal (Phoca sibirica) fromLake Baikal, Russia; 9 Marine mammals and environmental contaminants in the PacificOcean: Current knowledge and frontiers for research; 10 Persistent organic pollutants and outbreaks of diseasein marine mammals; Part III: Marine biodiversity and environment in the Black Sea and the south-western Atlantic Ocean; 11 Biodiversity in the Black Sea: Threats and the future 327 $a12 Marine biodiversity of the south-western Atlantic Oceanand main environmental problems of the regionGlossary; Acronyms; Contributors; Index 330 $aThe oceans cover more than 70 percent of the Earth's surface and play an important part in our lives by controlling climate and weather conditions; hosting shipping, transportation, recreation and tourism; and providing us with food, minerals and petroleum. The relationship between mankind and the oceans has been crucial since prehistoric times. With the growth of the human population, especially in coastal zones, there is a growing threat to oceans from land-based activities such as industrial effluent, municipal sewage, and runoff from agricultural areas, as well as antifouling agents used o 606 $aMarine pollution$xPrevention 606 $aMarine ecology 606 $aOceanography$xResearch 606 $aEnvironmental protection$xInternational cooperation 608 $aElectronic books. 615 0$aMarine pollution$xPrevention. 615 0$aMarine ecology. 615 0$aOceanography$xResearch. 615 0$aEnvironmental protection$xInternational cooperation. 676 $a333.91/64 701 $aMiyazaki$b Nobuyuki$0929588 701 $aAdeel$b Zafar$0929589 701 $aOhwada$b Kouichi$0929590 801 0$bMiAaPQ 801 1$bMiAaPQ 801 2$bMiAaPQ 906 $aBOOK 912 $a9910450229403321 996 $aMankind and the oceans$92089555 997 $aUNINA LEADER 04309nam 22011533a 450 001 9910346840903321 005 20250203235425.0 010 $a9783039211920 010 $a3039211927 024 8 $a10.3390/books978-3-03921-192-0 035 $a(CKB)4920000000095231 035 $a(oapen)https://directory.doabooks.org/handle/20.500.12854/52779 035 $a(ScCtBLL)fdaf91d6-7af4-4660-81f4-05b5d7b3c435 035 $a(OCoLC)1126125184 035 $a(oapen)doab52779 035 $a(EXLCZ)994920000000095231 100 $a20250203i20192019 uu 101 0 $aeng 135 $aurmn|---annan 181 $ctxt$2rdacontent 182 $cc$2rdamedia 183 $acr$2rdacarrier 200 00$aMarine Natural Products and Obesity$fRalph Urbatzka, Vítor Vasconcelos 210 $cMDPI - Multidisciplinary Digital Publishing Institute$d2019 210 1$aBasel, Switzerland :$cMDPI,$d2019. 215 $a1 electronic resource (194 p.) 311 08$a9783039211913 311 08$a3039211919 330 $aObesity and related co-morbidities are increasing worldwide and pose a serious health problem. Changes in lifestyle and diet would be the best remedies to fight obesity; however, many people will still rely on medical aid. Marine organisms have been prolific in the production of bioactive compounds for many diseases, e.g., cancer, and promise to be an excellent source for natural-derived molecules and novel nutraceuticals. Bioactive compounds with beneficial activities towards obesity have been described from diverse marine organism including marine algae, bacteria, sponges, fungi, crustaceans or fish. This Special Issue will highlight the progress in the following topics: Bioactive compounds for the treatment of obesity and obesity-related co-morbidities (diabetes, fatty liver, hyperlipidemia) from marine organisms; the isolation of novel compounds, the bioactivity screening of marine organisms and the elucidation of molecular mode of action of marine bioactive compounds. 606 $aMedicine$2bicssc 610 $anatural compounds 610 $aanti-obesity drugs 610 $ahigh fat diet 610 $aIshige okamurae 610 $afat 610 $azebrafish Nile red fat metabolism assay 610 $aphysical exercise 610 $aJAK2-STAT3 610 $ametabolite profiling 610 $aobesity 610 $achlorophyll derivatives 610 $abrown seaweed 610 $aSkate skin 610 $aPPAR? 610 $amarine alga 610 $amarine biodiscovery 610 $askate skin 610 $alipolytic 610 $aleptin 610 $auncoupling protein 1 610 $a3T3-L1 cells 610 $aglucolipid metabolism disorder 610 $anutrition 610 $abioactivity 610 $achitosan oligosaccharide 610 $adiphlorethohydroxycarmalol (DPHC) 610 $anutraceuticals 610 $awhole small animal models 610 $ahigh-fat diet 610 $aadipocyte 610 $adyslipidemia 610 $abioactivity screening 610 $aperoxisome proliferator-activated receptor gamma 610 $awhite adipose tissue 610 $aantiobesity 610 $afatty liver disease 610 $athermal proteome profiling 610 $ainflammation 610 $acyanobacteria 610 $aRaja kenojei 610 $aArthrospira maxima 610 $acellularity 610 $aadipocytes 610 $abioactive compound 610 $acollagen peptide 610 $adouble-blind 610 $abisabolane-related compounds 610 $aproliferation 610 $afatty acid metabolism 610 $acholesterol metabolism 610 $acollagen 610 $arandomized controlled trial 610 $amechanisms of action 610 $amurine pre-adipocytes 610 $aadipogenesis 610 $afucan 610 $amarine sponges 610 $alabel-free quantitative proteomics 610 $adiabetes 610 $abody fat 615 7$aMedicine 700 $aUrbatzka$b Ralph$01787725 702 $aVasconcelos$b Vítor 801 0$bScCtBLL 801 1$bScCtBLL 906 $aBOOK 912 $a9910346840903321 996 $aMarine Natural Products and Obesity$94321350 997 $aUNINA